Loading...
| Mythology | 0 | 3 | 0 | 1 | 30 | 62 | 105.67 | 1 | 3 |
| History - American History | 0 | 3 | 0 | 0 | 30 | 113 | 113.00 | 0 | 0 |
| Fine Arts - Visual Fine Arts | 0 | 3 | 1 | 1 | 25 | 87 | 112.00 | 1 | 2 |
| Literature - British Literature | 0 | 3 | 1 | 0 | 25 | 119 | 133.00 | 1 | 3 |
| Religion | 0 | 2 | 0 | 2 | 20 | 133 | 137.50 | 1 | 1 |
| Literature - American Literature | 0 | 2 | 0 | 0 | 20 | 128 | 128.00 | 0 | 0 |
| Other Academic | 0 | 2 | 0 | 0 | 20 | 128 | 128.00 | 0 | 0 |
| Fine Arts - Other Fine Arts | 0 | 2 | 1 | 0 | 15 | 106 | 109.50 | 0 | 1 |
| History - European History | 0 | 2 | 1 | 1 | 15 | 117 | 121.00 | 0 | 0 |
| History - Other History | 0 | 2 | 1 | 0 | 15 | 77 | 92.50 | 1 | 2 |
| History - World History | 0 | 2 | 1 | 0 | 15 | 111 | 115.00 | 0 | 1 |
| Social Science | 0 | 1 | 0 | 0 | 10 | 43 | 43.00 | 1 | 1 |
| Literature - European Literature | 0 | 1 | 0 | 0 | 10 | 136 | 136.00 | 0 | 0 |
| Literature - World/Other Literature | 0 | 1 | 0 | 0 | 10 | 138 | 138.00 | 0 | 0 |
| Philosophy | 0 | 1 | 0 | 0 | 10 | 120 | 120.00 | 0 | 0 |
| Pop Culture | 0 | 1 | 0 | 0 | 10 | 113 | 113.00 | 0 | 0 |
| Fine Arts - Classical Music | 0 | 1 | 0 | 1 | 10 | 138 | 138.00 | 0 | 0 |
| Science - Other Science | 0 | 1 | 0 | 0 | 10 | 117 | 117.00 | 0 | 0 |
| Geography/Current Events | 0 | 0 | 0 | 0 | 0 | 0.00 | 0 | 0 |